Historický vývoj a súčasná charakteristika ekonomiky Taiwanu

Charakteristika a prehľad základných ekonomických ukazovateľov Taiwanu. Hospodárske reformy a rast ekonomiky. Pohľad na sektor informačných a komunikačných technológií, ktoré v súčasnosti v najväčšej miere prispievajú k silnej hospodárskej pozícii Taiwanu.

Guardado en:
Detalles Bibliográficos
Autor principal: Csabay, Marek
Formato: Capítulo de libro
Lenguaje:eslovaco
Materias:
Etiquetas: Agregar Etiqueta
Sin Etiquetas, Sea el primero en etiquetar este registro!

MARC

LEADER 00000naa$a2200000$$$4500
001 0068387
005 20240502071827.2
041 0 |a slo 
044 |a SK 
245 1 0 |a Historický vývoj a súčasná charakteristika ekonomiky Taiwanu  |c Marek Csabay 
520 |a Charakteristika a prehľad základných ekonomických ukazovateľov Taiwanu. Hospodárske reformy a rast ekonomiky. Pohľad na sektor informačných a komunikačných technológií, ktoré v súčasnosti v najväčšej miere prispievajú k silnej hospodárskej pozícii Taiwanu. 
610 2 0 |a história 
610 2 0 |a situácia hospodárska 
610 2 0 |a Taiwan 
610 2 0 |a ukazovatele ekonomické 
610 2 0 |a technológie informačné 
610 2 0 |a technológie komunikačné 
610 2 0 |a reformy hospodárske 
100 1 |a Csabay, Marek